000
00298nam a2200121Ia 4500
008
190216s9999||||xx |||||||||||||| ||und||
100
_a
Dr.Rajendra Toki
245
0
_a
Hindi-Sahithya Soojan Aur Sarokar
260
_b
Nathya India Publishers
_c
2006
300
_a
171
650
_a
Hindi
942
_c
BK
999
_c
16628
_d
16628